Countries Bordering Germany by Border Length - Statistics

General Stats
  • This quiz has been taken 368 times
    247 since last reset
  • The average score is 7 of 9
Answer Stats
Length Country % Correct
784 km Austria
89%
815 km Czech Republic
88%
451 km France
88%
456 km Poland
88%
68 km Denmark
83%
577 km Netherlands
81%
334 km Switzerland
79%
167 km Belgium
77%
138 km Luxembourg
76%
No matching quizzes found
Score Distribution
Percent of People with Each Score
Percentile by Number Answered
Your Score History
You have not taken this quiz since the last reset